Statistics for Quiz fifa icon 21

Click here to take the quiz!

General Stats

  • This quiz has been taken 36 times
  • The average score is 8 of 15

Answer Stats

National hintAnswers% Correct
ArgetinaMaradona
97%
PortugalEusebio
91%
BrazilPele
84%
BrazilRonaldo
84%
RussiaYashin
66%
Czech RepublickCech
63%
PortugalDeco
56%
PortugalRui Costa
56%
SpainPuyol
44%
SpainTorres
41%
ArgetinaCrespo
38%
NetherlandVan der sar
31%
FranceCantona
22%
NetherlandSeedorf
19%
BrazilRonaldihno
6%

Score Distribution

Percentile by Number Answered

Percent of People with Each Score

Your Score History

You have not taken this quiz